[Event "Golden Cleopatra op 5th"]
[Site "Cairo"]
[Date "2001.05.11"]
[Round "10"]
[White "Afifi, Assem"]
[Black "Adly, Ahmed"]
[Result "1/2-1/2"]
[WhiteElo "2326"]
[BlackElo "2209"]
[PlyCount "30"]
[EventDate "2001.05.02"]
[EventType "swiss"]
[EventRounds "10"]
[EventCountry "EGY"]
[SourceTitle "CBM 082 Extra"]
[Source "ChessBase"]
[SourceDate "2001.07.03"]
[SourceVersion "1"]
[SourceVersionDate "2001.07.03"]
[SourceQuality "1"]

1. d4 d5 2. e3 Nf6 3. Bd3 e6 4. Nd2 b6 5. c3 Bb7 6. f4 Nbd7 7. Ngf3 Ne4 8. 0-0 Be7 9. Ne5 0-0 10. Ndf3 f6 11. Nxd7 Qxd7 12. Bd2 c5 13. Qe2 c4 14. Bc2 Rac8 15. Kh1 Bd6 1/2-1/2

[Event "Golden Cleopatra op 5th"]
[Site "Cairo"]
[Date "2001.05.08"]
[Round "7"]
[White "Afifi, Assem"]
[Black "Sarwat, Walaa"]
[Result "1-0"]
[WhiteElo "2326"]
[BlackElo "2356"]
[PlyCount "125"]
[EventDate "2001.05.02"]
[EventType "swiss"]
[EventRounds "10"]
[EventCountry "EGY"]
[SourceTitle "CBM 082 Extra"]
[Source "ChessBase"]
[SourceDate "2001.07.03"]
[SourceVersion "1"]
[SourceVersionDate "2001.07.03"]
[SourceQuality "1"]

1. d4 Nf6 2. c4 e6 3. Nf3 b6 4. g3 Bb7 5. Bg2 d5 6. Ne5 Be7 7. Nc3 0-0 8. 0-0 Qc8 9. cxd5 exd5 10. Bg5 Qe6 11. Nd3 c6 12. Qb3 h6 13. Bxf6 Bxf6 14. Nf4 Qd6 15. e3 Na6 16. Rfd1 Rad8 17. Rac1 Qb4 18. Qc2 g6 19. a3 Qe7 20. b4 Nc7 21. Qb3 Ne6 22. Nd3 Ng5 23. b5 cxb5 24. Nxb5 Ba6 25. Nf4 Bxb5 26. Qxb5 Qxa3 27. Nxd5 Bg7 28. Ra1 Qd6 29. Rxa7 Rb8 30. h4 Ne6 31. Rc1 Rfd8 32. Rc6 Qf8 33. Ne7+ Kh7 34. Rxb6 Rxb6 35. Qxb6 Nxd4 36. h5 Rb8 37. hxg6+ Kh8 38. Rb7 Rxb7 39. Qxb7 Ne6 40. gxf7 Qxf7 41. Bd5 Qf6 42. Bxe6 Qxe6 43. Qc8+ Qxc8 44. Nxc8 Bf8 45. Nb6 Kg7 46. Kg2 h5 47. Nd5 Kg6 48. e4 Bc5 49. Nf4+ Kh6 50. Ne6 Bb4 51. f4 Kg6 52. Kf3 Bc3 53. Nc7 Bb2 54. Nd5 Bd4 55. Ne3 Bc3 56. e5 Be1 57. Ng2 Bb4 58. Nh4+ Kf7 59. f5 Bc3 60. Ng6 Kg7 61. Ke4 Be1 62. Nf4 Kh6 63. e6 1-0

[Event "Golden Cleopatra op 5th"]
[Site "Cairo"]
[Date "2001.05.07"]
[Round "6"]
[White "Abou El Zein, Eid Mahmoud"]
[Black "Afifi, Assem"]
[Result "1/2-1/2"]
[WhiteElo "2330"]
[BlackElo "2326"]
[PlyCount "118"]
[EventDate "2001.05.02"]
[EventType "swiss"]
[EventRounds "10"]
[EventCountry "EGY"]
[SourceTitle "CBM 082 Extra"]
[Source "ChessBase"]
[SourceDate "2001.07.03"]
[SourceVersion "1"]
[SourceVersionDate "2001.07.03"]
[SourceQuality "1"]

1. Nf3 d5 2. c4 Nf6 3. cxd5 Nxd5 4. e4 Nb6 5. d4 Bg4 6. Be2 g6 7. Nc3 Bg7 8. Be3 0-0 9. Rc1 c6 10. h3 Bxf3 11. gxf3 f5 12. f4 fxe4 13. h4 e6 14. h5 gxh5 15. Bxh5 Nd5 16. Qg4 Rf5 17. Nxe4 Nd7 18. Ng3 N7f6 19. Qh4 Qa5+ 20. Bd2 Qxa2 21. Nxf5 exf5 22. Bc3 Qc4 23. Rg1 Kf8 24. Bd2 Qxd4 25. Rc2 Qd3 26. Kd1 Rd8 27. Kc1 Rd7 28. Rd1 Qe4 29. Re1 Qa4 30. Kb1 Re7 31. Rxe7 Nxe7 32. Bf3 Qb5 33. Qh1 Ned5 34. Be2 Qb6 35. Bd3 Nb4 36. Bxb4+ Qxb4 37. Bxf5 Qxf4 38. Bxh7 Nd5 39. Qe1 Kf7 40. Qe2 Nf6 41. Bd3 Nd5 42. Qh5+ Ke7 43. Qh7 Qf6 44. Bc4 Nf4 45. Qe4+ Qe5 46. Qf3 Kd7 47. Rd2+ Kc7 48. Qe3 b6 49. Qb3 a5 50. Bg8 Bf6 51. Qf7+ Be7 52. Qh7 b5 53. Bf7 Kb6 54. Rc2 Bc5 55. Qh4 Qd4 56. Qh1 a4 57. Be8 Nd5 58. Qh2 Nb4 59. Qb8+ Ka6 1/2-1/2

[Event "Golden Cleopatra op 5th"]
[Site "Cairo"]
[Date "2001.05.05"]
[Round "4"]
[White "Afifi, Assem"]
[Black "Farahat, Ali"]
[Result "0-1"]
[WhiteElo "2326"]
[BlackElo "2306"]
[PlyCount "82"]
[EventDate "2001.05.02"]
[EventType "swiss"]
[EventRounds "10"]
[EventCountry "EGY"]
[SourceTitle "CBM 082 Extra"]
[Source "ChessBase"]
[SourceDate "2001.07.03"]
[SourceVersion "1"]
[SourceVersionDate "2001.07.03"]
[SourceQuality "1"]

1. d4 d5 2. Nf3 Nf6 3. Bf4 c6 4. c3 Qb6 5. Qb3 Bf5 6. Nbd2 Ne4 7. e3 Nd7 8. Be2 f6 9. h3 g5 10. Bh2 h5 11. Nxe4 Bxe4 12. Rg1 e6 13. Nd2 Bg6 14. Nf3 a5 15. Qxb6 Nxb6 16. Kd2 Nc4+ 17. Kc1 b5 18. Nd2 a4 19. a3 Rh7 20. Re1 Rd7 21. Bd1 Kf7 22. Bc2 c5 23. Bxg6+ Kxg6 24. Kc2 Ra6 25. dxc5 Bxc5 26. Rad1 e5 27. Re2 Kf7 28. Nxc4 bxc4 29. Red2 Ke6 30. Kb1 Rb6 31. Ka2 g4 32. hxg4 hxg4 33. Bg1 Rb5 34. Ka1 f5 35. Bh2 Rb8 36. Ka2 Rbd8 37. Rc2 Rh8 38. Bg1 Rh1 39. Rcd2 Rd6 40. f3 Rxg1 41. Rxg1 Bxe3 0-1

[Event "Golden Cleopatra op 5th"]
[Site "Cairo"]
[Date "2001.05.03"]
[Round "2"]
[White "Komarov, Dimitri"]
[Black "Afifi, Assem"]
[Result "1-0"]
[WhiteElo "2539"]
[BlackElo "2326"]
[PlyCount "29"]
[EventDate "2001.05.02"]
[EventType "swiss"]
[EventRounds "10"]
[EventCountry "EGY"]
[SourceTitle "CBM 082 Extra"]
[Source "ChessBase"]
[SourceDate "2001.07.03"]
[SourceVersion "1"]
[SourceVersionDate "2001.07.03"]
[SourceQuality "1"]

1. d4 d5 2. c4 e5 3. dxe5 dxc4 4. Qxd8+ Kxd8 5. Nc3 c6 6. Bg5+ Kc7 7. 0-0-0 Ne7 8. Nf3 Be6 9. e4 Ng6 10. Nd4 b5 11. Be3 a6 12. f4 Bc8 13. Be2 Be7 14. g3 Rf8 15. Nf5 1-0

[Event "Golden Cleopatra op 4th"]
[Site "Cairo"]
[Date "2000.07.19"]
[Round "8"]
[White "Adly, Ahmed"]
[Black "Afifi, Assem"]
[Result "1/2-1/2"]
[WhiteElo "2217"]
[BlackElo "2321"]
[PlyCount "119"]
[EventDate "2000.07.03"]
[EventType "swiss"]
[EventRounds "9"]
[EventCountry "EGY"]
[SourceTitle "CBM 077 Extra"]
[Source "ChessBase"]
[SourceDate "2000.09.14"]
[SourceVersion "1"]
[SourceVersionDate "2000.09.14"]
[SourceQuality "1"]

1. d4 d5 2. Nf3 c6 3. c4 Nf6 4. Nc3 e6 5. e3 Nbd7 6. Qc2 Be7 7. a3 0-0 8. c5 Qc7 9. b4 e5 10. dxe5 Nxe5 11. Nxe5 Qxe5 12. Bb2 Bf5 13. Qd2 Rfe8 14. Bd3 d4 15. Nd1 Bxd3 16. Qxd3 Qg5 17. 0-0 dxe3 18. Nxe3 Rad8 19. Qf5 Nd5 20. Qxg5 Bxg5 21. Nf5 g6 22. Nd6 Re2 23. Bd4 b5 24. Rfe1 Rd2 25. Be5 Be7 26. Rad1 Rxd1 27. Rxd1 f6 28. Bg3 Bxd6 29. cxd6 Kf7 30. Rc1 Rc8 31. Kf1 Ke6 32. h3 Kd7 33. Ke2 a5 34. bxa5 Ra8 35. Kd3 Rxa5 36. Ra1 Ra4 37. Kc2 b4 38. Kb3 Rxa3+ 39. Rxa3 bxa3 40. Kxa3 Nc3 41. f3 Nb5+ 42. Kb4 Nxd6 43. Bh4 Nf5 44. Bf2 Ne7 45. Kc5 Nd5 46. g3 Nc7 47. h4 Ne6+ 48. Kc4 f5 49. g4 Kd6 50. Bg3+ f4 51. Bf2 h5 52. g5 Ke5 53. Be1 Kf5 54. Bf2 Nxg5 55. hxg5 Kxg5 56. Kc5 h4 57. Kxc6 h3 58. Bg1 Kf5 59. Kd5 g5 60. Bh2 1/2-1/2

[Event "Golden Cleopatra op 4th"]
[Site "Cairo"]
[Date "2000.07.18"]
[Round "7"]
[White "Ghonimy, Soltan"]
[Black "Afifi, Assem"]
[Result "1/2-1/2"]
[WhiteElo "2254"]
[BlackElo "2321"]
[PlyCount "113"]
[EventDate "2000.07.03"]
[EventType "swiss"]
[EventRounds "9"]
[EventCountry "EGY"]
[SourceTitle "CBM 077 Extra"]
[Source "ChessBase"]
[SourceDate "2000.09.14"]
[SourceVersion "1"]
[SourceVersionDate "2000.09.14"]
[SourceQuality "1"]

1. d4 f5 2. e4 fxe4 3. Nc3 Nf6 4. Bg5 c6 5. Bxf6 exf6 6. Nxe4 d5 7. Ng3 Bd6 8. Bd3 0-0 9. Qh5 Qe8+ 10. Qxe8 Rxe8+ 11. N1e2 g6 12. h4 Bg4 13. Kd2 Nd7 14. h5 Kg7 15. Rh4 Bxe2 16. Nxe2 f5 17. Rah1 Nf6 18. f3 g5 19. h6+ Kh8 20. R4h3 Ne4+ 21. fxe4 fxe4 22. Rh5 exd3 23. Kxd3 Re4 24. Rf1 Rae8 25. Rf2 g4 26. Nc3 Rf4 27. Rxf4 Bxf4 28. Ne2 Be3 29. Ng3 Bc1 30. Nf5 Rf8 31. b3 Rf6 32. c3 Kg8 33. Kc2 Bf4 34. g3 Bc7 35. Rg5+ Kf8 36. Kd2 Rf7 37. Ke2 Bd8 38. Rh5 Rf6 39. Ne3 Rf3 40. Rf5+ Rxf5 41. Nxf5 Bg5 42. c4 Kf7 43. cxd5 cxd5 44. Ne3 Bxh6 45. Nxd5 Bg5 46. Ne3 h5 47. Kd3 Bd8 48. Ke4 Kf6 49. Nf5 Ba5 50. d5 Bc3 51. Kf4 Be5+ 52. Ke4 Bc3 53. Nd4 Be1 54. Nf5 Bc3 55. Nd4 Be1 56. Nf5 Bc3 57. Nd4 1/2-1/2

[Event "Golden Cleopatra op 4th"]
[Site "Cairo"]
[Date "2000.07.17"]
[Round "6"]
[White "Afifi, Assem"]
[Black "Himdan, Maher"]
[Result "1/2-1/2"]
[WhiteElo "2321"]
[BlackElo "2327"]
[PlyCount "81"]
[EventDate "2000.07.03"]
[EventType "swiss"]
[EventRounds "9"]
[EventCountry "EGY"]
[SourceTitle "CBM 077 Extra"]
[Source "ChessBase"]
[SourceDate "2000.09.14"]
[SourceVersion "1"]
[SourceVersionDate "2000.09.14"]
[SourceQuality "1"]

1. d4 d5 2. c4 e6 3. Nc3 Nf6 4. Bg5 Be7 5. e3 c6 6. Nf3 Nbd7 7. Qc2 0-0 8. Bd3 dxc4 9. Bxc4 Nd5 10. Bxe7 Qxe7 11. 0-0 Nxc3 12. Qxc3 Nb6 13. Rac1 Nxc4 14. Qxc4 Bd7 15. Rc3 Rfd8 16. Rfc1 Be8 17. b4 Rd5 18. Ne5 a5 19. a3 axb4 20. axb4 Rb5 21. Nd3 Qd6 22. Qb3 b6 23. Qb2 f6 24. h3 e5 25. Ra3 Rxa3 26. Qxa3 exd4 27. Qa8 Kf8 28. exd4 Qxd4 29. Re1 Qd7 30. Qb8 Rd5 31. Nf4 Rd1 32. Rxd1 Qxd1+ 33. Kh2 Qd2 34. Ne6+ Ke7 35. Nxg7 Bg6 36. Qxb6 Qd6+ 37. Kg1 Qd1+ 38. Kh2 Qd6+ 39. Kg1 Qd1+ 40. Kh2 Qd6+ 41. Kg1 1/2-1/2

[Event "Golden Cleopatra op 4th"]
[Site "Cairo"]
[Date "2000.07.15"]
[Round "5"]
[White "Sundararajan, Kidambi"]
[Black "Afifi, Assem"]
[Result "1-0"]
[WhiteElo "2433"]
[BlackElo "2321"]
[PlyCount "67"]
[EventDate "2000.07.03"]
[EventType "swiss"]
[EventRounds "9"]
[EventCountry "EGY"]
[SourceTitle "CBM 077 Extra"]
[Source "ChessBase"]
[SourceDate "2000.09.14"]
[SourceVersion "1"]
[SourceVersionDate "2000.09.14"]
[SourceQuality "1"]

1. d4 d5 2. c4 e5 3. dxe5 dxc4 4. Qxd8+ Kxd8 5. Nc3 Bb4 6. Bg5+ f6 7. 0-0-0+ Nd7 8. exf6 gxf6 9. Bh4 Bxc3 10. bxc3 b5 11. Nf3 c5 12. e4 Ke8 13. e5 Bb7 14. e6 Nb6 15. Bg3 Nd5 16. Kc2 Nge7 17. Be2 Nf5 18. Rd2 Ke7 19. Nh4 Nxh4 20. Bxh4 Nb6 21. Rhd1 Bxg2 22. Kc1 Be4 23. Bg3 Kxe6 24. Rd6+ Kf5 25. Bh4 Raf8 26. Rg1 h5 27. Bf1 Bf3 28. Rg3 Be4 29. Re3 Rhg8 30. Bh3+ Kf4 31. Bg3+ Kg5 32. Rxe4 Na4 33. Kc2 Kg6 34. Bh4 1-0

[Event "Golden Cleopatra op 4th"]
[Site "Cairo"]
[Date "2000.07.11"]
[Round "1"]
[White "Donchenko, Anatoly G"]
[Black "Afifi, Assem"]
[Result "1/2-1/2"]
[WhiteElo "2428"]
[BlackElo "2321"]
[PlyCount "70"]
[EventDate "2000.07.03"]
[EventType "swiss"]
[EventRounds "9"]
[EventCountry "EGY"]
[SourceTitle "CBM 077 Extra"]
[Source "ChessBase"]
[SourceDate "2000.09.14"]
[SourceVersion "1"]
[SourceVersionDate "2000.09.14"]
[SourceQuality "1"]

1. Nf3 g6 2. d4 Bg7 3. c4 d6 4. g3 f5 5. Bg2 Nf6 6. Nc3 Nc6 7. d5 Ne5 8. Nxe5 dxe5 9. 0-0 0-0 10. b3 e4 11. Ba3 Rf7 12. f3 Ng4 13. Qd2 Bh6 14. f4 e5 15. e3 exf4 16. gxf4 g5 17. Ne2 gxf4 18. Nxf4 Qh4 19. h3 Ne5 20. Bb2 Ng6 21. Rae1 Bd7 22. Ne6 c6 23. Nc5 Be8 24. Ne6 cxd5 25. Qxd5 Bc6 26. Qd2 Re8 27. Nd4 f4 28. Nxc6 bxc6 29. exf4 Nxf4 30. Qc2 Qg3 31. Kh1 Nxh3 32. Rxf7 Kxf7 33. Qc3 Nf2+ 34. Kg1 Nh3+ 35. Kh1 Nf2+ 1/2-1/2

[Event "Golden Cleopatra op 3rd"]
[Site "Cairo"]
[Date "1999.04.19"]
[Round "9"]
[White "Abou El Zein, Eid Mahmoud"]
[Black "Afifi, Assem"]
[Result "1/2-1/2"]
[WhiteElo "2324"]
[BlackElo "2311"]
[PlyCount "126"]
[EventDate "1999.04.11"]
[EventType "swiss"]
[EventRounds "9"]
[EventCountry "EGY"]
[SourceTitle "CBM 069 Extra"]
[Source "ChessBase"]
[SourceDate "1999.05.10"]
[SourceVersion "1"]
[SourceVersionDate "1999.05.10"]
[SourceQuality "1"]

1. d4 d6 2. e4 Nf6 3. f3 c5 4. d5 g6 5. c4 Bg7 6. Nc3 0-0 7. g4 e6 8. Nge2 exd5 9. cxd5 a6 10. a4 Nbd7 11. Ng3 Rb8 12. Be2 Qc7 13. Kf2 c4 14. Kg2 b5 15. axb5 axb5 16. Be3 Nc5 17. Qg1 Nfd7 18. h4 b4 19. Nd1 c3 20. h5 Re8 21. bxc3 bxc3 22. Ra2 Nf8 23. Bd4 Nb3 24. Bxg7 c2 25. Rxc2 Qxc2 26. Bc3 Ba6 27. Qe3 Bxe2 28. Nxe2 Rec8 29. Nf2 Rb7 30. g5 gxh5 31. Rxh5 Ng6 32. Kg3 Nc1 33. Qxc1 Qxc1 34. Nxc1 Rxc3 35. Ne2 Ra3 36. Nd4 Rb2 37. Ng4 Rg2+ 38. Kxg2 Nf4+ 39. Kf2 Nxh5 40. Nf5 Ra6 41. Nge3 Ng7 42. Nd4 Kf8 43. Nc6 Ne8 44. Nf5 f6 45. gxf6 Kf7 46. Kg3 Ra4 47. Kf4 Kxf6 48. Nd8 Rb4 49. Ne6 Rb1 50. Kg3 Rg1+ 51. Kf2 Ra1 52. f4 Ra3 53. Ng5 h5 54. Nf3 Kg6 55. N5h4+ Kf7 56. Nf5 Kf6 57. Kg2 Ra2+ 58. Kg3 Re2 59. Ng5 Rxe4 60. Nxe4+ Kxf5 61. Kf3 h4 62. Ng5 Nf6 63. Nf7 Nxd5 1/2-1/2

[Event "Golden Cleopatra op 3rd"]
[Site "Cairo"]
[Date "1999.04.18"]
[Round "8"]
[White "Afifi, Assem"]
[Black "Labib, Ibrahim Hasan"]
[Result "1/2-1/2"]
[WhiteElo "2311"]
[BlackElo "2405"]
[PlyCount "120"]
[EventDate "1999.04.11"]
[EventType "swiss"]
[EventRounds "9"]
[EventCountry "EGY"]
[SourceTitle "CBM 069 Extra"]
[Source "ChessBase"]
[SourceDate "1999.05.10"]
[SourceVersion "1"]
[SourceVersionDate "1999.05.10"]
[SourceQuality "1"]

1. d4 d5 2. Nf3 Nf6 3. c3 e6 4. Bf4 c5 5. e3 Nc6 6. h3 Bd6 7. Be2 Bxf4 8. exf4 Qb6 9. Qb3 Qc7 10. g3 cxd4 11. cxd4 Na5 12. Qc3 Qb6 13. Nbd2 Nc6 14. 0-0 0-0 15. Qc5 Bd7 16. Qxb6 axb6 17. a3 Rfc8 18. Rac1 Ne4 19. Nb3 Kf8 20. Bd3 Nd6 21. Rfe1 Ne7 22. Ne5 Ba4 23. Nd2 Ke8 24. h4 Nef5 25. Nef3 h6 26. Kg2 Bb5 27. Bb1 Kd8 28. g4 Ne7 29. Kg3 Be8 30. h5 b5 31. Nb3 b6 32. Ne5 Nc4 33. Re2 Ra4 34. Nd3 Nc6 35. f5 exf5 36. Nf4 Nd6 37. Nxd5 Nxd4 38. Rxc8+ Nxc8 39. Nxd4 Rxd4 40. Bxf5 Nd6 41. Ne3 Bc6 42. Bh7 Bd7 43. f3 Be6 44. Nc2 Rd1 45. Nb4 Kd7 46. Bc2 Rd4 47. Kf2 Nc4 48. Be4 Ne5 49. Bf5 Kd6 50. Bxe6 fxe6 51. Kg3 Nc4 52. Na2 Rd2 53. Rxd2+ Nxd2 54. Nc3 Kc5 55. Kf4 b4 56. axb4+ Kxb4 57. Ke5 Nxf3+ 58. Kxe6 Kc4 59. Kf7 Ne5+ 60. Kxg7 Nxg4 1/2-1/2

[Event "Golden Cleopatra op 3rd"]
[Site "Cairo"]
[Date "1999.04.17"]
[Round "7"]
[White "Berelowitsch, Alexander"]
[Black "Afifi, Assem"]
[Result "1-0"]
[WhiteElo "2484"]
[BlackElo "2311"]
[PlyCount "45"]
[EventDate "1999.04.11"]
[EventType "swiss"]
[EventRounds "9"]
[EventCountry "EGY"]
[SourceTitle "CBM 069 Extra"]
[Source "ChessBase"]
[SourceDate "1999.05.10"]
[SourceVersion "1"]
[SourceVersionDate "1999.05.10"]
[SourceQuality "1"]

1. e4 d6 2. d4 g6 3. Nc3 Bg7 4. Be3 a6 5. Qd2 b6 6. f3 h6 7. Nge2 e6 8. 0-0-0 Nd7 9. g4 Ne7 10. Ng3 Bb7 11. f4 b5 12. f5 e5 13. d5 Nf6 14. Be2 Bc8 15. Bf3 Bd7 16. h4 Nfg8 17. Qf2 b4 18. Nce2 c6 19. g5 gxf5 20. dxc6 Nxc6 21. Nxf5 Bf8 22. Nxd6+ Bxd6 23. Rxd6 1-0

[Event "Golden Cleopatra op 3rd"]
[Site "Cairo"]
[Date "1999.04.15"]
[Round "5"]
[White "Tahan, Sabri"]
[Black "Afifi, Assem"]
[Result "1/2-1/2"]
[WhiteElo "2253"]
[BlackElo "2311"]
[PlyCount "80"]
[EventDate "1999.04.11"]
[EventType "swiss"]
[EventRounds "9"]
[EventCountry "EGY"]
[SourceTitle "CBM 069 Extra"]
[Source "ChessBase"]
[SourceDate "1999.05.10"]
[SourceVersion "1"]
[SourceVersionDate "1999.05.10"]
[SourceQuality "1"]

1. d4 c5 2. c3 e6 3. Nf3 Nf6 4. Bf4 Qb6 5. Qb3 d5 6. e3 c4 7. Qc2 Ne4 8. Nbd2 f5 9. h3 Nd7 10. Be2 Bd6 11. 0-0 0-0 12. Bxd6 Qxd6 13. Rad1 b6 14. Nh2 Ndf6 15. Ndf3 Bd7 16. Ne5 Be8 17. Bf3 Bh5 18. Qe2 Bxf3 19. gxf3 Ng5 20. f4 Nge4 21. Kg2 Qe7 22. Rg1 Qe8 23. Nf1 b5 24. Nd2 a5 25. Nxe4 Nxe4 26. Kh2 Ra7 27. f3 Nf6 28. Rg5 b4 29. Qd2 Qa4 30. Rdg1 Rc8 31. h4 Qxa2 32. Rxg7+ Rxg7 33. Rxg7+ Kxg7 34. Qg2+ Kf8 35. Qg5 Qxb2+ 36. Kh3 Ng8 37. Nd7+ Kf7 38. Ne5+ Kf8 39. Nd7+ Kf7 40. Ne5+ Kf8 1/2-1/2

[Event "Golden Cleopatra op 3rd"]
[Site "Cairo"]
[Date "1999.04.14"]
[Round "4"]
[White "Afifi, Assem"]
[Black "Sameeh, Hany"]
[Result "1-0"]
[WhiteElo "2311"]
[BlackElo "2260"]
[PlyCount "83"]
[EventDate "1999.04.11"]
[EventType "swiss"]
[EventRounds "9"]
[EventCountry "EGY"]
[SourceTitle "CBM 069 Extra"]
[Source "ChessBase"]
[SourceDate "1999.05.10"]
[SourceVersion "1"]
[SourceVersionDate "1999.05.10"]
[SourceQuality "1"]

1. Nf3 d5 2. g3 Nf6 3. Bg2 e6 4. 0-0 c5 5. d3 Be7 6. Nbd2 0-0 7. e4 Nc6 8. e5 Nd7 9. Re1 Re8 10. Nf1 b5 11. h4 a5 12. c3 Ba6 13. Bf4 Bf8 14. Bh3 b4 15. N1h2 a4 16. a3 bxc3 17. bxc3 Na5 18. Ng4 Nb3 19. Ra2 Rb8 20. Ng5 Qa5 21. Rc2 h6 22. Nf3 Qb5 23. Bf1 Na5 24. Bc1 Qc6 25. Nd2 Rb6 26. c4 dxc4 27. Bg2 Qc7 28. Nxc4 Nxc4 29. dxc4 Rb3 30. Qe2 Bb7 31. Bxb7 Qxb7 32. Rd1 Nb6 33. Bxh6 Rxa3 34. Bc1 Rb3 35. h5 Ra8 36. h6 a3 37. hxg7 Bxg7 38. Rcd2 Qf3 39. Rd8+ Rxd8 40. Rxd8+ Bf8 41. Nf6+ Kg7 42. Qd2 1-0

[Event "Golden Cleopatra"]
[Site "Cairo"]
[Date "1998.??.??"]
[Round "7"]
[White "Afifi, Assem"]
[Black "Khmelnitsky, Sergei"]
[Result "0-1"]
[WhiteElo "2345"]
[BlackElo "2420"]
[PlyCount "58"]
[EventDate "1998.??.??"]
[EventType "schev"]
[EventRounds "10"]
[EventCountry "EGY"]
[SourceTitle "EXT 1999"]
[Source "ChessBase"]
[SourceDate "1998.11.16"]
[SourceVersion "1"]
[SourceVersionDate "1998.11.16"]
[SourceQuality "1"]

1. b4 e5 2. a3 d5 3. Bb2 Bd6 4. e3 Ne7 5. c4 c6 6. Nf3 e4 7. Nd4 0-0 8. cxd5 cxd5 9. Nb5 Nbc6 10. Nxd6 Qxd6 11. d3 Qg6 12. b5 Nd8 13. Nd2 b6 14. Qc2 Bb7 15. Qc7 Nf5 16. dxe4 dxe4 17. Qe5 Ne6 18. Bc4 Rfe8 19. 0-0 Ng5 20. Qc3 Rad8 21. Kh1 Rd6 22. Rfd1 Qh5 23. g4 Qxg4 24. Rg1 Qh5 25. Be2 Qxe2 26. Rxg5 Rg6 27. Rag1 Qxf2 28. Rf1 Qxe3 29. Rgxf5 Qe2 0-1

[Event "Golden Cleopatra"]
[Site "Cairo"]
[Date "1998.??.??"]
[Round "8"]
[White "Estrada Nieto, Julian"]
[Black "Afifi, Assem"]
[Result "1-0"]
[WhiteElo "2395"]
[BlackElo "2345"]
[PlyCount "73"]
[EventDate "1998.??.??"]
[EventType "schev"]
[EventRounds "10"]
[EventCountry "EGY"]
[SourceTitle "EXT 1999"]
[Source "ChessBase"]
[SourceDate "1998.11.16"]
[SourceVersion "1"]
[SourceVersionDate "1998.11.16"]
[SourceQuality "1"]

1. e4 c5 2. Nf3 e6 3. c3 Nf6 4. e5 Nd5 5. Bc4 Nb6 6. Bb3 d6 7. d4 cxd4 8. cxd4 dxe5 9. Nxe5 N8d7 10. Qe2 Nxe5 11. dxe5 Bd7 12. 0-0 Bc6 13. Nc3 Nd7 14. Rd1 Qa5 15. f4 g5 16. Ne4 gxf4 17. Bxf4 Qb4 18. Bc4 Be7 19. a3 Qb6+ 20. Be3 Qa5 21. b4 Qxe5 22. Bd4 Qxe4 23. Qxe4 Bxe4 24. Bxh8 Nb6 25. Bd3 Bg6 26. Bd4 Nd7 27. Bc4 Be4 28. Re1 f5 29. b5 b6 30. a4 Rc8 31. Bf1 Bg5 32. a5 Bd2 33. axb6 Bxe1 34. bxa7 Bc3 35. Bxc3 Rxc3 36. b6 Kd8 37. Ba6 1-0

[Event "Golden Cleopatra"]
[Site "Cairo"]
[Date "1998.??.??"]
[Round "4"]
[White "Sax, Gyula"]
[Black "Afifi, Assem"]
[Result "1/2-1/2"]
[WhiteElo "2535"]
[BlackElo "2345"]
[PlyCount "100"]
[EventDate "1998.??.??"]
[EventType "schev"]
[EventRounds "10"]
[EventCountry "EGY"]
[SourceTitle "EXT 1999"]
[Source "ChessBase"]
[SourceDate "1998.11.16"]
[SourceVersion "1"]
[SourceVersionDate "1998.11.16"]
[SourceQuality "1"]

1. e4 c5 2. Nf3 e6 3. d4 cxd4 4. Nxd4 a6 5. Nc3 Qc7 6. Bd3 b5 7. f4 Bb7 8. Qe2 Nc6 9. Nb3 d6 10. Be3 Nf6 11. a4 b4 12. Nd1 Na5 13. Nf2 d5 14. e5 Nd7 15. 0-0 Nc4 16. Bd4 g6 17. Ng4 a5 18. c3 bxc3 19. bxc3 h5 20. Nf2 Bg7 21. Ne4 dxe4 22. Bxc4 0-0 23. Bb5 Rfd8 24. Bxd7 Rxd7 25. Nc5 Rdd8 26. Nxb7 Qxb7 27. Rfb1 Qc8 28. Rb5 Bf8 29. Qxe4 Qc4 30. Kf2 Bb4 31. cxb4 Qxd4+ 32. Qxd4 Rxd4 33. Rxa5 Rb8 34. b5 Rxf4+ 35. Ke3 Rb4 36. Rd1 Rc8 37. Ra7 Rc5 38. Rd8+ Kg7 39. Rdd7 Rxe5+ 40. Kd3 Rf5 41. Kc3 Rb1 42. Rab7 h4 43. b6 g5 44. Rb8 Rc5+ 45. Kd2 Ra5 46. Kc2 Rb4 47. Kc3 Rbxa4 48. b7 Rb5 49. Rc8 Rab4 50. Rcc7 Rb3+ 1/2-1/2

[Event "Cairo-B"]
[Site "Cairo"]
[Date "1997.??.??"]
[Round "4"]
[White "Afifi, Assem"]
[Black "Hakki, Imad"]
[Result "0-1"]
[WhiteElo "2340"]
[BlackElo "2395"]
[PlyCount "60"]
[EventDate "1997.03.26"]
[EventType "tourn"]
[EventRounds "11"]
[EventCountry "EGY"]
[EventCategory "7"]
[SourceTitle "CBM 057 Extra"]
[Source "ChessBase"]
[SourceDate "1997.05.01"]
[SourceVersion "1"]
[SourceVersionDate "1997.05.01"]
[SourceQuality "1"]

1. b4 e5 2. Bb2 Bxb4 3. Bxe5 Nf6 4. c4 0-0 5. Nf3 Re8 6. a3 Ba5 7. e3 d5 8. cxd5 Nxd5 9. Qb3 Nc6 10. Bb2 Be6 11. Qc2 Bg4 12. Qa4 Nxe3 13. fxe3 Rxe3+ 14. Kd1 Qh4 15. Bb5 Rxf3 16. Kc1 Rf5 17. Bxc6 Rc5+ 18. Nc3 Bxc3 19. Bxc3 Qg5 20. Kb2 Rxc6 21. Rae1 Be6 22. Re3 Rb6+ 23. Ka1 Qd5 24. Qc2 Rb3 25. Qa2 Qd6 26. Be5 Rxe3 27. Bxd6 Bxa2 28. dxe3 cxd6 29. Kxa2 Rc8 30. Rd1 Rc6 0-1

[Event "Cairo-B"]
[Site "Cairo"]
[Date "1997.??.??"]
[Round "8"]
[White "Afifi, Assem"]
[Black "Poldauf, Dirk"]
[Result "1/2-1/2"]
[WhiteElo "2340"]
[BlackElo "2470"]
[PlyCount "98"]
[EventDate "1997.03.26"]
[EventType "tourn"]
[EventRounds "11"]
[EventCountry "EGY"]
[EventCategory "7"]
[SourceTitle "CBM 057 Extra"]
[Source "ChessBase"]
[SourceDate "1997.05.01"]
[SourceVersion "1"]
[SourceVersionDate "1997.05.01"]
[SourceQuality "1"]

1. d4 Nf6 2. Bg5 g6 3. Bxf6 exf6 4. e3 Bg7 5. g3 0-0 6. Bg2 f5 7. Ne2 d6 8. 0-0 Nd7 9. c4 Nf6 10. Nbc3 Re8 11. Qd3 Rb8 12. b4 Bd7 13. b5 c6 14. Rab1 Qa5 15. Rb2 c5 16. Nf4 Be6 17. Nfd5 Nd7 18. Rd1 Rbc8 19. Rc2 h5 20. Ne2 cxd4 21. exd4 f4 22. Nexf4 Bf5 23. Qc3 Qa4 24. Rcc1 Bg4 25. f3 Bf5 26. Ne3 Be6 27. Nxe6 Rxe6 28. Nd5 Qxa2 29. Bf1 Nc5 30. Rb1 Na4 31. Qb4 Nb6 32. Rd2 Qa4 33. Qxa4 Nxa4 34. Ra1 Nb6 35. Rxa7 Nxd5 36. cxd5 Re7 37. f4 Rc1 38. Kf2 f5 39. Ra8+ Kf7 40. Rd8 Ree1 41. Bg2 Red1 42. Rxd1 Rxd1 43. Rd7+ Kf8 44. Bf3 Bxd4+ 45. Ke2 Rb1 46. Rxd6 Rb3 47. Bh1 Rb1 48. Bf3 Rb3 49. Bh1 Rb1 1/2-1/2

[Event "Olympiad-30"]
[Site "Manila"]
[Date "1992.06.22"]
[Round "13.2"]
[White "Wittmann, Walter"]
[Black "Afifi, Assem"]
[Result "1/2-1/2"]
[WhiteElo "2380"]
[BlackElo "2395"]
[PlyCount "38"]
[EventDate "1992.06.08"]
[EventType "team-swiss"]
[EventRounds "14"]
[EventCountry "PHI"]
[SourceTitle "TD"]
[Source "ChessBase"]
[SourceDate "1994.03.01"]
[SourceVersion "1"]
[SourceVersionDate "1994.03.01"]
[SourceQuality "1"]
[WhiteTeam "Austria"]
[BlackTeam "Egypt"]
[WhiteTeamCountry "AUT"]
[BlackTeamCountry "EGY"]

1. e4 c5 2. Nf3 e6 3. d4 cxd4 4. Nxd4 a6 5. Bd3 Nc6 6. Nxc6 dxc6 7. Nd2 e5 8. Nc4 Bd6 9. Be3 Be6 10. Nb6 Rb8 11. Bc4 Qe7 12. Qd3 Nf6 13. 0-0-0 Rd8 14. f3 0-0 15. Qb3 Bxc4 16. Qxc4 Nd7 17. Nxd7 Rxd7 18. Rd3 Rfd8 19. Rhd1 Bc7 1/2-1/2